Közösségi identitás és városi kötődés A Margit-negyed kulturális közegének vizsgálata
| Main Author: | |
|---|---|
| Other Authors: | |
| Format: | Thesis |
| Kulcsszavak: | egyén és közösség emberi közösség kötődés város város és kistérség |
| Online Access: | http://dolgozattar.uni-bge.hu/60193 |
MARC
| LEADER | 00000nta a2200000 i 4500 | ||
|---|---|---|---|
| 001 | dolg60193 | ||
| 005 | 20260409150123.0 | ||
| 008 | 260409suuuu hu om 000 hun d | ||
| 040 | |a BGE Dolgozattár Repozitórium |b hun | ||
| 041 | |a hu | ||
| 100 | 1 | |a Berki Barbara | |
| 245 | 1 | 0 | |a Közösségi identitás és városi kötődés |b A Margit-negyed kulturális közegének vizsgálata |c Berki Barbara |h [elektronikus dokumentum] |
| 520 | 3 | |a A szakdolgozatom egyik része a városhoz, városi terekhez való kötödésről fog szólni. A város és annak terei mindig is szoros kapcsolatban álltak az emberek életével, társadalmi interakcióival és kulturális identitásukkal. A téma választásom indoklása valamilyen szinten személyes, hiszen elköltöztem otthonról, hogy elkezdjem tanulmányaimat a Budapesti Gazdasági Egyetem Kereskedelmi, Vendéglátóipari és Idegenforgalmi Karán, ezért lehetőségem volt megtapasztalni a városhoz, városi terekhez való kötödést. Úgy gondolom hogy sikerült személyesen is megtapasztalnom milyen hatással van az emberre a környezete, a város ahol él. Személy szerint én Zalaegerszegről költöztem fel, a város a maga 55 ezer lakosával kisebb városnak tekinthető, így eleinte voltak nehézségeim, bekapcsolódni a fővárosi élet mindennapjaiba, de úgy gondolom mára már egész jól sikerült felvennem a pörgő életforma ritmusát. Nagyon sok tapasztalattal gazdagodtam az eddigi itt eltöltött 3 évem alatt. Megtanultam jobban alkalmazkodni az ember társaimhoz, probléma megoldó képességem is sokat fejlődött, önállóbbá válltam illetve a tájékozódó képességem is sokat javult. Ezek a személyes tapasztalataim adták meg számomra az inspirációt a témaválasztásomhoz. Véleményem szerint a választott témám aktualitását tekintve, nem lehet kérdéses, mivel számos változás akár gazdasági, társadalmi, vagy éppen környezeti hatással van a városokra. A világ városi is folyamatosan bővülnek, ezáltal az urbanizáció üteme is felgyorsul amely szintén olyan kérdéseket, és kihívásokat vet fel amellyel érdemes foglalkozni, és tisztában lenni velük. | |
| 695 | |a egyén és közösség | ||
| 695 | |a emberi közösség | ||
| 695 | |a kötődés | ||
| 695 | |a város | ||
| 695 | |a város és kistérség | ||
| 700 | 1 | |a Benkei-Kovács Dr. Balázs |e ths | |
| 856 | 4 | 0 | |u http://dolgozattar.uni-bge.hu/60193/1/Berki_Barbara_Szakdolgozat%20%284%29.pdf |z Dokumentum-elérés |
| 856 | 4 | 0 | |u http://dolgozattar.uni-bge.hu/60193/2/BKB_Berki%20Barbara_KSZ%20%C3%A9s%20MH%20b%C3%ADr%C3%A1lati%20lap%202025.pdf |z Dokumentum-elérés |
| 856 | 4 | 0 | |u http://dolgozattar.uni-bge.hu/60193/3/Berki-Barbara_KSZ_szok%C3%A1cskinga.pdf |z Dokumentum-elérés |